Theologie des Alten Testaments
Gorde:
| Egile nagusia: | |
|---|---|
| Formatua: | Liburua |
| Hizkuntza: | alemana |
| Argitaratua: |
Gütersloh
Kaiser Taschenbücher
1993
|
| Edizioa: | 10a. ed |
| Saila: | Kaiser Taschenbücher, 3
|
| Gaiak: | |
| Etiketak: |
Etiketa erantsi
Etiketarik gabe, Izan zaitez lehena erregistro honi etiketa jartzen!
|
MARC
| LEADER | 00000cam a2200000 a 4500 | ||
|---|---|---|---|
| 001 | UCE8180 | ||
| 003 | CL-VaPUC | ||
| 008 | 150728e19930000gw |||||||||||||||||ger|d | ||
| 020 | |a 3579050036 | ||
| 082 | 0 | 4 | |a 221 |b RAD |2 21 |
| 100 | 0 | |a Rad, Gerhard von |e author |9 580914 | |
| 245 | 1 | 0 | |a Theologie des Alten Testaments |
| 250 | |a 10a. ed | ||
| 300 | |a v | ||
| 942 | |c BK | ||
| 945 | |d 20150728 02:04:00 |a gsalatino | ||
| 260 | |a Gütersloh |b Kaiser Taschenbücher |c 1993 | ||
| 500 | |a v.2: Die Theologie der Prophetischen Überlieferung Israels | ||
| 600 | 0 | 7 | |a BIBLIA |2 CL-VaPUC |9 399806 |
| 600 | 0 | 7 | |a ANTIGUO TESTAMENTO |2 CL-VaPUC |9 482707 |
| 583 | |a last modification |c 20150821 12:56:01 |k Rodrigo Vera | ||
| 490 | 0 | |a Kaiser Taschenbücher, 3 | |
| 999 | |c 360119 |d 360117 | ||
| 952 | |0 0 |1 0 |3 erb |4 0 |6 221_000000000000000_RAD_1993 |7 0 |8 A |9 469761 |a BIBTEO |b BIBTEO |e Casale Rolle, Carlos Ignacio, -2014 |h v.2 |i 518147K |o 221 RAD 1993 |p 518147K |r 2025-01-17 |w 2019-11-23 |y BK |z Catalogado en:20150728 |k ICR | ||